Enhypen Alphabet Song - Statistics

General Stats
  • This quiz has been taken 409 times
  • The average score is 17 of 26
Answer Stats
Hint Answer % Correct
Q /
100%
V /
100%
X /
100%
B Billy Poco / Blockbuster / Blessed-Cursed / Bite Me / Bills / Blossom / Blind / Brought The Heat Back / Bad Desire / Big Girls Don't Cry
96%
F Flicker / Fever / Forget Me Not / Future Perfect / Foreshadow / Fate / Fatal Trouble / Flashover
86%
D Drunk-Dazed / Daydream / Demons
85%
S Shout Out / Sacrifice / Sweet Venom / Still Monster / Scream / Shine On Me / Stealer / Sleep Tight
84%
H Hey Tayo / Hundred Broken Hearts / Highway 1009 / Home / Helium
80%
G Given-Taken / Go Big or Go Home
76%
K Karma / Keep Swimmin' Through / Knife
76%
C Chaconne / Criminal Love / Confessions
75%
O Outro: Cross the Line / Outro: The Wormhole / Outro: Day 2 / One In A Billion / One and Only / Orange Flower / Outside
73%
M Mixed Up / Make the Change / Mortal / Moonstruck
72%
L Let Me In / Lucifer / Loose / Love Insane / Lost Island
71%
P Polaroid Love / ParadoXXX Invasion / Paranormal
71%
T Tamed-Dashed / TFW / Teeth / Too Close / The Beginning / The Fugitives / The Voice / The Beyond
71%
A Attention, Please! / Always / A Kind Of Magic
62%
N Not For Sale / No Way Back
56%
R Royalty
48%
J Just A Little Bit
44%
Y Your Eyes Only
39%
E Echoes
38%
U Upper Side Dreamin'
35%
I Intro: Walk the Line / Intro: The Invitation / Intro: Whiteout / Interlude: question / I Need The Light
32%
W Walk The Line / Whodunit / Witnesses
19%
Z Zero Moment
15%
No matching quizzes found
Score Distribution
Percent of People with Each Score
Percentile by Number Answered
Your Score History
You have not taken this quiz